[Event "FIDE Chesscom Grand Swiss 2021"]
[Site "Riga"]
[Date "2021.10.30"]
[Round "4.38"]
[White "Van Foreest, Jorden"]
[Black "Ganguly, Surya Shekhar"]
[Result "1-0"]
[WhiteElo "2691"]
[BlackElo "2617"]
[Annotator "TA"]
[PlyCount "63"]
[EventDate "2021.10.27"]
[EventType "swiss"]
[EventCountry "LAT"]
[Tiebreak "Cut1 Buchholz+Sonneborn-Berger (Swiss)"]
[SourceTitle "playchess.com"]
[Source "ChessBase"]
[SourceQuality "1"]

{[%evp 12,63,38,14,26,-24,-29,-28,-27,-40,-24,-37,-26,-7,0,19,34,-39,-28,-30,
-35,-34,-5,-12,20,15,37,20,8,15,65,66,52,61,101,94,95,88,307,310,308,303,800,
771,765,736,681,666,732,670,1051,1036,1024,918]} 1. c4 Nf6 2. Nc3 e6 3. e4 d5
4. e5 d4 5. exf6 dxc3 6. bxc3 Qxf6 7. Nf3 b6 {[#] The modern move. A18:
English Opening: Flohr-Mikenas System (1 c4 Nf6 2 Nc3 e6 3 e4).} 8. c5 $146 ({
Predecessor:} 8. g3 Bb7 9. Bg2 Qd8 10. O-O Be7 11. d4 Nd7 12. a4 a5 13. Re1 O-O
14. Bf4 Re8 15. Rb1 {1-0 (43) Xiong,J (2710)-Shankland,S (2709) Saint Louis
2021}) 8... Bxc5 9. d4 Bd6 {Black has an edge.} 10. Bd3 h6 11. Be4 c6 12. O-O
O-O 13. Re1 Rd8 14. c4 ({White should try} 14. g4 $14) 14... Bb7 15. Rb1 Nd7
16. Rb3 Rac8 17. Bb2 Re8 18. c5 Bf8 19. h4 {[%mdl 1024] White has compensation.
} Qd8 20. Bb1 Rc7 21. Qc2 {[%csl Gb1][%cal Rc2h7] [#]} f5 $1 22. Rbe3 {
Threatens to win with Qb3.} Bc8 23. Qb3 $40 {[%mdl 128] White is out for blood.
} (23. Rxe6 $6 Rxe6 24. Rxe6 Nxc5 $11) 23... Nf6 24. Bxf5 $1 ({Of course not} 
24. cxb6 $6 Rb7 $11) 24... Nd5 $2 {Loses the game.} (24... Qd5 $16 {keeps
fighting.} 25. Bg6 (25. cxb6 axb6 26. Bxe6+ Rxe6 $16) (25. Bxe6+ Bxe6 26. Rxe6
Qxb3 $16) 25... Qxb3 26. Rxb3 Rd8) 25. Bb1 $18 ({Less strong is} 25. Rxe6 Bxe6
26. Rxe6 bxc5 $14) (25. Bxe6+ Bxe6 26. Rxe6 Rxe6 $14) 25... Nxe3 26. Rxe3 Be7
$2 (26... bxc5 27. Qc2 g6) 27. Qc2 {[#] White threatens Qh7+ and mate.White is
clearly winning.} Bf6 28. Qh7+ Kf8 29. Ne5 Bxe5 30. dxe5 {White wants to mate
with Rf3+.} Qxh4 31. Bg6 {Qh8+ would kill now.} Bd7 32. Rd3 {Weighted Error
Value: White=0.09/Black=0.33} 1-0

[Event "FIDE Chesscom Grand Swiss 2021"]
[Site "Riga"]
[Date "2021.10.30"]
[Round "4.40"]
[White "Sethuraman, S.P.."]
[Black "Gelfand, Boris"]
[Result "1/2-1/2"]
[WhiteElo "2620"]
[BlackElo "2680"]
[Annotator "TA"]
[PlyCount "61"]
[EventDate "2021.10.27"]
[EventType "swiss"]
[EventCountry "LAT"]
[Tiebreak "Cut1 Buchholz+Sonneborn-Berger (Swiss)"]
[SourceTitle "playchess.com"]
[Source "ChessBase"]
[SourceQuality "1"]

{[%evp 13,61,26,49,46,48,48,43,41,41,42,40,45,41,27,22,23,27,10,12,8,8,8,0,0,8,
8,8,8,11,-12,-10,-10,-10,-10,-10,-12,-12,-15,-12,-16,0,0,0,0,0,0,0,0,0,0]} 1.
e4 c5 2. Nf3 d6 3. d4 cxd4 4. Nxd4 Nf6 5. Nc3 Nc6 6. Bb5 Bd7 7. Be3 {7.Bg5 is
becoming the main line.} Ng4 8. Nxc6 {B56: Classical Sicilian: Unusual Lines.}
Nxe3 9. Nxd8 Nxd1 {[#]} 10. Nxf7 $1 {White is slightly better.} Nxc3 11. Bxd7+
({Much weaker is} 11. bxc3 Bxb5 12. Nxh8 g5 $17) 11... Kxf7 12. bxc3 {[#]} e6
$146 ({Predecessor:} 12... g6 13. Rb1 b6 14. Kd2 Bg7 15. h4 Rhd8 16. Bb5 d5 17.
exd5 Rxd5+ 18. Bd3 Rc8 {1/2-1/2 (24) Li,D (1992)-Wu,Y (1659) Changsha 2019})
13. f4 Ke7 14. Ba4 g6 15. Rd1 Rc8 {The position is equal.} 16. O-O Bg7 17. f5
Rhf8 {[%cal Rg6f5]} 18. fxe6 Kxe6 19. Bb3+ Ke7 20. Rxf8 Rxf8 21. Rf1 (21. Rd3 {
seems wilder.} b5 22. c4 b4 23. g3 Rc8 24. Kf2) 21... Rxf1+ 22. Kxf1 Bxc3 $11 {
[%mdl 4096] Endgame KB-KB} 23. Ke2 Be5 24. g3 g5 25. Kf3 h5 26. h3 Kf6 27. Bd5
b6 28. Bc6 h4 29. gxh4 gxh4 30. Ke2 Kg5 31. Kf3 {Weighted Error Value: White=0.
04/Black=0.02} 1/2-1/2

[Event "FIDE Chesscom Grand Swiss 2021"]
[Site "Riga"]
[Date "2021.10.30"]
[Round "4.41"]
[White "Cheparinov, Ivan"]
[Black "Adly, Ahmed"]
[Result "1/2-1/2"]
[WhiteElo "2659"]
[BlackElo "2602"]
[Annotator "TA"]
[PlyCount "66"]
[EventDate "2021.10.27"]
[EventType "swiss"]
[EventCountry "LAT"]
[Tiebreak "Cut1 Buchholz+Sonneborn-Berger (Swiss)"]
[SourceTitle "playchess.com"]
[Source "ChessBase"]
[SourceQuality "1"]

{[%evp 14,66,22,30,27,16,18,0,39,40,42,44,53,49,45,15,20,25,22,4,4,4,6,0,0,0,0,
5,17,17,23,21,58,35,35,43,31,26,18,14,7,0,0,0,0,0,0,0,0,0,0,0,0,0,0]} 1. d4 Nf6
2. c4 e6 3. Nf3 d5 4. Nc3 Nbd7 5. Bf4 dxc4 6. e3 Nd5 7. Bxc4 Nxf4 8. exf4 Nb6 {
8...Nb6 scores better than 8...Bd6. D37: Queen's Gambit Declined: 5 Bf4.} 9.
Bd3 g6 10. h4 Nd5 11. g3 Bg7 12. h5 Nxc3 13. bxc3 c5 {[#]} 14. Rb1 $146 ({
Predecessor:} 14. Ne5 Qa5 15. Kf1 cxd4 16. cxd4 Qd5 17. Kg1 Bd7 18. Bc4 Qd6 19.
Qb3 Bc6 20. Re1 Bxe5 21. dxe5 {1-0 (29) Aravindh,C (2630)-Moroni,L (2536)
Moscow 2020}) 14... cxd4 15. cxd4 O-O 16. Kf1 b6 17. Be4 Rb8 18. Ne5 Bb7 19.
Qf3 Bxe4 20. Qxe4 {next Nc6 is good for White.} Qd6 21. Kg2 Rbd8 22. h6 Bh8 23.
Nc6 Rd7 24. Rbc1 Re8 25. Rc2 Bf6 ({Don't go for} 25... Bxd4 $2 26. Rd1 $18) 26.
Rhc1 {The position is equal.} Qf8 27. Ne5 Bxe5 28. dxe5 Qxh6 29. Rc7 Rxc7 30.
Rxc7 Rd8 {[#] And now ...Rd1 would win.} 31. Qc6 g5 32. f5 g4 {( -> ...Qh3+)}
33. Rc8 Rxc8 {Weighted Error Value: White=0.05/Black=0.04} 1/2-1/2

[Event "FIDE Chesscom Grand Swiss 2021"]
[Site "Riga"]
[Date "2021.10.30"]
[Round "4.42"]
[White "Rakhmanov, Aleksandr"]
[Black "Van Foreest, Lucas"]
[Result "1/2-1/2"]
[WhiteElo "2657"]
[BlackElo "2543"]
[Annotator "TA"]
[PlyCount "137"]
[EventDate "2021.10.27"]
[EventType "swiss"]
[EventCountry "LAT"]
[Tiebreak "Cut1 Buchholz+Sonneborn-Berger (Swiss)"]
[SourceTitle "playchess.com"]
[Source "ChessBase"]
[SourceQuality "1"]

{[%evp 12,137,28,-8,0,0,-2,-10,16,19,25,16,32,-3,-26,8,19,18,18,18,19,22,26,10,
18,14,24,22,32,21,25,26,26,26,26,26,29,26,33,26,26,26,28,27,27,27,31,20,20,20,
20,20,20,20,41,41,63,41,41,41,41,0,41,41,45,0,42,0,44,46,50,21,22,21,26,23,26,
21,21,21,30,24,26,20,26,20,20,20,20,20,20,20,20,20,22,20,25,24,27,25,49,12,12,
12,24,14,24,18,18,8,9,0,0,0,109,9,164,5,233,5,318,0,481,0,0,0,460,0]} 1. Nf3 d5
2. e3 Nf6 3. c4 e6 4. b3 c5 5. Bb2 Nc6 6. cxd5 exd5 7. d4 cxd4 {A13: English
Opening: 1...e6.} 8. Nxd4 Bb4+ 9. Bc3 Qa5 {The position is equal. 9...Bd6 is
the hot move.} 10. Qd2 {[#] Black must now prevent Nxc6.} Bxc3 11. Nxc3 {[#]}
Bd7 $146 ({Predecessor:} 11... O-O 12. Be2 Re8 13. Rc1 Bd7 14. Nxc6 Bxc6 15.
O-O Rad8 16. Qd4 Ne4 17. b4 Nxc3 18. Rxc3 Qxa2 {1-0 (29) Artemiev,V (2706)
-Oganian,M (2435) Sochi 2018}) 12. Ncb5 Qxd2+ 13. Kxd2 Ne4+ 14. Ke1 Nxd4 15.
Nxd4 Rc8 16. f3 Nc5 17. Kd2 Ke7 18. Bd3 Ne6 19. Ne2 Rc7 20. h4 h5 21. Rhd1 g6
22. Ke1 Rd8 23. Rd2 Bc6 24. Rc1 Be8 25. Rcd1 Bc6 26. Kf2 a5 27. Rb1 Nc5 28. Bc2
Ne6 29. b4 axb4 30. Rxb4 Ra8 31. Bb3 (31. Rb2 {with more complications.} Rd7
32. Bb3 Kf8 33. Rd1 Ra3 34. Rbd2) 31... Ra5 32. Nf4 {[%cal Rf4d5]} Nxf4 33.
Rxf4 Rd7 34. Rfd4 Rc5 35. Kg3 Rc3 36. Kf2 Rd6 37. Rd1 Rd7 38. R1d2 {[%cal
Rb3d5]} Rd6 39. Rd1 Rd7 $1 40. R4d2 Ke8 41. Re1 Ke7 42. Rd4 Rd6 43. Ke2 Rc5 44.
Kd2 Rd8 45. Rd1 Ra8 46. Ke1 Rc3 47. Kf2 Rc5 48. Kg3 Rc3 49. Kf4 Kf6 50. R1d2
Re8 51. R4d3 Rxd3 52. Rxd3 $11 {[%mdl 4096] Endgame KRB-KRB} Ra8 53. Rd1 Ra3
54. Rd2 Ra8 55. Rd4 Rc8 56. Kg3 Ke5 57. Kf2 Kd6 58. Ke1 Rc7 59. Kd2 Re7 60. Rd3
Re5 61. Rc3 g5 62. g3 Re8 (62... f6 $11 {remains equal.}) 63. Rd3 (63. hxg5 $16
Rh8 64. Rd3) 63... Kc5 $2 {[#]} (63... f6 $11) 64. Ke1 $2 (64. hxg5 $18 Rh8 65.
Ke1) 64... f5 $2 (64... f6 $11) 65. Kf2 $2 (65. hxg5 $18 {a3 is the strong
threat.} Kd6 66. f4) 65... f4 $2 {[%mdl 8192]} (65... g4 $11 {and Black has
nothing to worry.}) 66. exf4 $2 (66. hxg5 $18 fxe3+ 67. Rxe3) 66... Rf8 $2 {
[%mdl 8192]} (66... gxh4 $11 67. gxh4 Rf8) 67. Ke3 $2 ({White should try} 67.
fxg5 $18 {Strongly threatening g4!} Kd6 68. f4) 67... Re8+ $2 {[%mdl 8192]} (
67... gxf4+ $11 {and Black stays safe.} 68. gxf4 Re8+ 69. Kf2 Rf8) 68. Kf2 $18
Rf8 69. Ke3 $2 {Weighted Error Value: White=0.08/Black=0.05} (69. fxg5 $18 Kd6
70. f4) 1/2-1/2

[Event "FIDE Chesscom Grand Swiss 2021"]
[Site "Riga"]
[Date "2021.10.30"]
[Round "4.43"]
[White "Nguyen, Thai Dai Van"]
[Black "Cori, Jorge"]
[Result "1/2-1/2"]
[WhiteElo "2577"]
[BlackElo "2655"]
[Annotator "TA"]
[PlyCount "92"]
[EventDate "2021.10.27"]
[EventType "swiss"]
[EventCountry "LAT"]
[Tiebreak "Cut1 Buchholz+Sonneborn-Berger (Swiss)"]
[SourceTitle "playchess.com"]
[Source "ChessBase"]
[SourceQuality "1"]

{[%evp 14,92,29,25,32,20,26,7,0,5,0,14,19,17,31,28,38,48,36,31,43,45,34,19,20,
20,13,19,39,0,0,0,0,-14,-2,-4,-4,-14,0,0,0,0,0,0,0,0,0,0,0,0,0,0,0,0,0,-14,0,0,
0,0,0,0,0,0,0,0,0,0,0,0,0,0,0,0,0,0,0,0,0,0,0]} 1. Nf3 d5 2. d4 Nf6 3. c4 c6 4.
cxd5 cxd5 5. Nc3 Nc6 6. Bf4 a6 7. Rc1 $1 {[%mdl 4] is more profitable than 7.
e3 at the moment.} e6 8. e3 Bd6 {D13: Slav Defence: Exchange variation without
...Bf5.} 9. Ne5 O-O 10. Bd3 Bxe5 11. Bxe5 Nxe5 12. dxe5 Nd7 13. f4 Qb6 {[#]}
14. Qd2 $146 ({Predecessor:} 14. Qe2 f6 15. O-O Nc5 16. Bb1 f5 17. Rf3 Bd7 18.
Rh3 g6 19. Qf2 Rac8 20. Rd1 {0-1 (27) Zwetsloot,P (1806)-Straver,R (2143)
Leiden 2011}) 14... Nc5 15. Bb1 Bd7 16. Ne2 Rac8 17. Kf2 a5 18. Rc3 Qd8 19.
Rhc1 b6 20. Kg1 f6 21. Qd4 Bb5 {The position is equal.} 22. Ng3 {[%cal Be2g3,
Bg3h1,Bh1f2][%mdl 32]} f5 23. Nh1 Rf7 24. Nf2 Rfc7 25. h3 g6 26. Kh2 h5 27. b3
{[%cal Bb2b3,Bb3b4][%mdl 32]} h4 28. Bd3 Be8 29. Be2 Qe7 30. b4 Na4 31. Rxc7
Rxc7 32. Rxc7 Qxc7 33. bxa5 bxa5 34. a3 Qc2 35. Bd1 Qxf2 36. Bxa4 Qg3+ 37. Kh1
Qe1+ 38. Kh2 Qg3+ 39. Kh1 Qe1+ 40. Kh2 Bf7 41. Qb6 Qg3+ 42. Kh1 Qe1+ 43. Kh2
Kg7 44. Qa7 Qg3+ 45. Kh1 Qe1+ 46. Kh2 Qg3+ {Weighted Error Value: White=0.04/
Black=0.02} 1/2-1/2

[Event "FIDE Chesscom Grand Swiss 2021"]
[Site "Riga"]
[Date "2021.10.30"]
[Round "4.44"]
[White "Goryachkina, Aleksandra"]
[Black "Niemann, Hans Moke"]
[Result "1/2-1/2"]
[WhiteElo "2602"]
[BlackElo "2638"]
[Annotator "TA"]
[PlyCount "89"]
[EventDate "2021.10.27"]
[EventType "swiss"]
[EventCountry "LAT"]
[Tiebreak "Cut1 Buchholz+Sonneborn-Berger (Swiss)"]
[SourceTitle "playchess.com"]
[Source "ChessBase"]
[SourceQuality "1"]

{[%evp 19,89,0,0,0,1,0,14,0,0,0,0,-4,78,85,73,70,175,139,142,98,83,70,57,42,31,
44,43,25,37,24,59,51,55,58,55,59,59,23,57,59,44,51,73,6,0,0,0,0,0,0,15,30,18,
17,112,125,442,427,353,181,172,189,153,117,125,122,118,0,110,0,105,0]} 1. d4 d5
2. c4 c6 3. Nf3 Nf6 4. Nc3 e6 5. e3 Nbd7 6. Qc2 Bd6 7. b3 O-O 8. Be2 b6 9. O-O
Bb7 10. Bb2 Qe7 11. Rfe1 {D45: Semi-Slav: 5 e3.} c5 12. cxd5 exd5 13. Bd3 {
The position is equal.} Rac8 14. dxc5 bxc5 {[#]} 15. Bf5 $146 ({Predecessor:} 
15. e4 c4 16. bxc4 dxc4 17. Bf1 Bb4 18. a3 Ba5 19. h3 Ne5 20. Nd4 Nd3 {1/2-1/2
(20) Pushkov,N (2430)-Cherniaev,A (2335) Orel 1992}) 15... Rfe8 (15... Bc6 $11)
16. Nb5 $16 Bb8 17. Bxf6 gxf6 (17... Nxf6 $14 18. Bxc8 Rxc8) 18. Nc3 Rcd8 19.
Ne2 Ne5 20. Nxe5 fxe5 21. e4 d4 22. Nc1 Bc7 23. Nd3 Ba5 24. Rf1 Bc3 25. Rad1
Kh8 26. f4 exf4 27. Rxf4 Rg8 28. Rdf1 {[%cal Bd1f1,Bf1f3,Bf3h3][%mdl 32]} Rg7
$1 29. R1f3 Ba6 30. Rh3 Qg5 {aiming for ...Bxd3.} 31. Rg4 (31. g3 $16) 31...
Qd2 $11 32. Rxg7 Kxg7 33. Rg3+ Kf8 34. Qb1 (34. Qxd2 Bxd2 35. Kf1 (35. Nxc5 $2
Be3+ 36. Kh1 d3 $19) 35... h6 $17) 34... c4 35. bxc4 Bxc4 36. Bxh7 {h4 is the
strong threat.} Ke7 (36... Qxa2 37. Rg8+ Ke7 38. Qb7+ Rd7 39. Qb8 Qa1+ 40. Kf2
Be1+ 41. Nxe1 Qa2+ 42. Kg1) (36... Bxd3 $11 {keeps the balance.} 37. Rxd3 Qe1+
38. Qxe1 Bxe1) 37. Ne5 $16 Bxa2 $2 {[%mdl 8192]} (37... Qe1+ $16 {is more
resistant.} 38. Qxe1 Bxe1) 38. Qb7+ $1 $18 {[%mdl 64] Double Attack} Kd6 {
[%cal Rd2e1]} 39. Nxf7+ ({Resist} 39. Rf3 d3 $18) (39. Qc6+ $142 Kxe5 40. Rf3
Qd1+ 41. Rf1 Qxf1+ 42. Kxf1) 39... Bxf7 {[%cal Rd2e1] [#]} 40. e5+ $1 Kc5 {
[%cal Rd2e1]} ({Avoid the trap} 40... Kxe5 $2 41. Qe7+ Kd5 42. Qxd8+ Kc5 43.
Qc7+ Kb4 44. Qe7+ Ka5 45. Qxa7+ Kb4 46. Qe7+ Ka5 47. Qc7+ Kb4 48. Qe7+ Ka5 49.
Qxf7 $18) 41. Qxa7+ Kb4 {[%cal Rd2e1]} 42. Qe7+ {[%mdl 1024] White has strong
compensation.} ({Much less strong is} 42. Qxf7 $6 Qe1+ 43. Qf1 Qxe5 $14) 42...
Ka4 {[%cal Rd2e1]} 43. Qa7+ Kb4 $1 {[%cal Rd2e1]} 44. Qe7+ Ka4 {[%cal Rd2e1]}
45. Qa7+ {Weighted Error Value: White=0.22/Black=0.22} (45. Qxf7 $16 d3 {[#]}
46. Rxd3 $1 {[%mdl 64] Decoy} Rxd3 47. Qc4+ {[%mdl 64] Double Attack} Ka3 48.
Bxd3) 1/2-1/2

[Event "FIDE Chesscom Grand Swiss 2021"]
[Site "Riga"]
[Date "2021.10.30"]
[Round "4.45"]
[White "Sindarov, Javokhir"]
[Black "Durarbayli, Vasif"]
[Result "1/2-1/2"]
[WhiteElo "2587"]
[BlackElo "2629"]
[Annotator "TA"]
[PlyCount "60"]
[EventDate "2021.10.27"]
[EventType "swiss"]
[EventCountry "LAT"]
[Tiebreak "Cut1 Buchholz+Sonneborn-Berger (Swiss)"]
[SourceTitle "playchess.com"]
[Source "ChessBase"]
[SourceQuality "1"]

{[%evp 17,60,0,0,-15,-7,-34,-35,-52,-32,-31,-31,-50,-30,-28,-28,-32,-32,-36,0,
0,0,0,0,0,9,-32,14,3,6,6,10,11,13,14,8,8,14,-3,23,4,52,9,41,29,23]} 1. e4 e5 2.
Nf3 Nc6 3. Bb5 a6 4. Ba4 Nf6 5. O-O Be7 6. Bxc6 dxc6 7. d3 Nd7 8. Nbd2 f6 9.
Nc4 {9.Nc4 scores better than 9.Nh4.} Nc5 10. Nh4 {C85: Closed Ruy Lopez:
Deferred Exchange Variation.} g6 11. b4 {[#]} Na4 $146 ({Predecessor:} 11...
Ne6 12. Rb1 O-O 13. Be3 b6 14. Nf3 a5 15. a3 Ba6 16. Nfd2 axb4 17. axb4 Qd7 {
1/2-1/2 (30) Antoniewski,R (2550)-Kuljasevic,D (2591) Austria 2014}) 12. Bd2 {
Black is slightly better.} Be6 13. Na5 Rb8 14. Nf3 Qd7 15. Nb3 O-O 16. Qe2 Rbd8
17. Rab1 b5 18. Qe3 Rfe8 19. Rfd1 Bf7 20. h3 Bd6 21. Kh1 a5 22. Nxa5 Bxa2 23.
Ra1 Be6 24. Nb7 Ra8 25. Nxd6 cxd6 26. Nh2 d5 27. f3 Rac8 28. Qf2 Qe7 29. Rf1 c5
30. exd5 Bxd5 {Weighted Error Value: White=0.07/Black=0.11} 1/2-1/2

[Event "FIDE Chesscom Grand Swiss 2021"]
[Site "Riga"]
[Date "2021.10.30"]
[Round "4.46"]
[White "Morovic Fernandez, Ivan"]
[Black "Yilmaz, Mustafa"]
[Result "0-1"]
[WhiteElo "2510"]
[BlackElo "2626"]
[Annotator "TA"]
[PlyCount "92"]
[EventDate "2021.10.27"]
[EventType "swiss"]
[EventCountry "LAT"]
[Tiebreak "Cut1 Buchholz+Sonneborn-Berger (Swiss)"]
[SourceTitle "playchess.com"]
[Source "ChessBase"]
[SourceQuality "1"]

{[%evp 21,92,0,0,0,0,8,18,6,1,0,19,-28,-17,-16,-19,-26,-22,-21,-19,-25,-16,-14,
-36,-20,-20,-47,-47,-49,-66,-126,-139,-191,-200,-194,-214,-197,-192,-214,-206,
-193,-200,-212,-225,-218,-225,-245,-228,-292,-229,-311,-225,-391,-365,-354,
-360,-339,-330,-339,-339,-339,-337,-327,-322,-327,-327,-516,-741,-954,-960,
-723,-691,-4831,-4702]} 1. e4 c5 2. Nf3 d6 3. d4 cxd4 4. Nxd4 Nf6 5. Nc3 a6 6.
Be2 e5 7. Nb3 Be7 8. O-O O-O 9. Be3 Be6 10. Qd2 Nbd7 {[%cal Bb8d7,Bd7b6,Bb6c4]
[%mdl 32]} 11. a4 {[%cal Ba2a4,Ba4a5][%mdl 32]} Nb6 12. a5 {B92: Sicilian
Najdorf: 6 Be2.} Nc4 13. Bxc4 Bxc4 14. Rfd1 {The position is equal.} Rc8 15.
Qe1 {[#]} Qe8 $146 ({Predecessor:} 15... Qc7 16. Nd2 Be6 17. Nf1 Qc6 18. Bg5 h6
19. Bxf6 Bxf6 20. Ne3 Bg5 21. Rd3 Bxe3 22. Qxe3 Rfd8 23. Qd2 Qc7 24. h3 Kh7 25.
Rf3 Qc5 26. b3 Rd7 27. Rd3 {1/2-1/2 (27) Rakay,K (2239)-Krakovsky,P (2287)
ICCF email 2017}) 16. Nc1 Ng4 17. Bb6 f5 18. h3 Nf6 19. exf5 Qh5 20. b3 Bf7 {
aiming for ...Rxc3!} 21. Nd3 Qxf5 22. Nb4 $1 Be6 $36 {[%mdl 2048] Black has
some pressure.} 23. Ne2 d5 24. Ng3 Qg5 25. Ra4 {White is now going downhill.} (
25. Nd3 $15) 25... Rfe8 $17 26. h4 {[#]} (26. Nd3 $17) 26... Qg6 $1 $19 (26...
Qxh4 27. Nxd5 Ng4 28. Nxe7+ Rxe7 29. Nf1 $11) 27. Nd3 Bd6 ({Avoid the trap} 
27... Rxc2 $2 28. Nxe5 Qxg3 29. fxg3 $18) 28. h5 {[#]} Qf7 {...e4 is the
strong threat.} 29. Nxe5 Bxe5 30. Qxe5 Bd7 {[%mdl 64] Discovered Attack} ({
Stronger than} 30... Rxc2 31. Qg5 $11) 31. Qf4 Bxa4 ({Worse is} 31... Rxc2 32.
Raa1 $11) 32. bxa4 h6 33. Bd4 Rxc2 34. f3 Rc6 35. Rb1 Qc7 36. Qh4 (36. Qxc7
Rxc7 37. Kf1) 36... Rc1+ 37. Rxc1 Qxc1+ 38. Kh2 Qg5 39. Qxg5 hxg5 {[%mdl 4096]
Endgame KRN-KBN} 40. h6 Kh7 41. hxg7 Kg6 42. Kh3 Rg8 43. Bxf6 (43. Nf1 {
was called for.}) 43... Kxf6 {Black is clearly winning.} 44. Kg4 d4 45. Ne4+
Kxg7 46. Nxg5 d3 {Weighted Error Value: White=0.53/Black=0.08} 0-1